Михаил Эрастович Янишевский - основатель кафедры палеонтологии в Томском технологическом институте; Известия Томского политехнического университета [Известия ТПУ]; Т. 320, № 1 : Науки о Земле

Sonraí bibleagrafaíochta
Parent link:Известия Томского политехнического университета [Известия ТПУ]/ Томский политехнический университет (ТПУ).— , 2000-
Т. 320, № 1 : Науки о Земле.— 2012.— [С. 200-205]
Príomhchruthaitheoir: Рычкова И. В. Ирина Владимировна
Rannpháirtithe: Рябчикова Э. Д. Элла Давыдовна
Achoimre:Заглавие с титульного листа
Электронная версия печатной публикации
В 2011 г. исполнилось 140 лет со дня рождения основателя кафедры палеонтологии в Томском технологическом институте (Томском политехническом университете) выдающегося палеонтолога Михаила Эрастовича Янишевского, а в 2012 г. - 110 лет со дня основания этой кафедры.
Teanga:Rúisis
Foilsithe / Cruthaithe: 2012
Sraith:Страницы истории ТПУ
Ábhair:
Rochtain ar líne:http://earchive.tpu.ru/bitstream/11683/4102/1/bulletin_tpu-2012-320-1-34.pdf
Formáid: MixedMaterials Leictreonach Caibidil leabhair
KOHA link:https://koha.lib.tpu.ru/cgi-bin/koha/opac-detail.pl?biblionumber=211723

MARC

LEADER 00000nla2a2200000 4500
001 211723
005 20240207105440.0
035 |a (RuTPU)RU\TPU\book\231295 
035 |a RU\TPU\book\231291 
090 |a 211723 
100 |a 20120318d2012 k y0rusy50 ca 
101 0 |a rus 
102 |a RU 
135 |a drnn ---uucaa 
181 0 |a i  
182 0 |a b 
200 1 |a Михаил Эрастович Янишевский - основатель кафедры палеонтологии в Томском технологическом институте  |f И. В. Рычкова, Э. Д. Рябчикова 
203 |a Текст  |c электронный 
215 |a 1 файл (6.6 Мб) 
225 1 |a Страницы истории ТПУ 
300 |a Заглавие с титульного листа 
300 |a Электронная версия печатной публикации 
320 |a [Библиогр.: с. 205 (10 назв.)] 
330 |a В 2011 г. исполнилось 140 лет со дня рождения основателя кафедры палеонтологии в Томском технологическом институте (Томском политехническом университете) выдающегося палеонтолога Михаила Эрастовича Янишевского, а в 2012 г. - 110 лет со дня основания этой кафедры. 
337 |a Adobe Reader 
461 1 |0 (RuTPU)RU\TPU\book\176237  |t Известия Томского политехнического университета [Известия ТПУ]  |f Томский политехнический университет (ТПУ)  |d 2000- 
463 1 |0 (RuTPU)RU\TPU\book\230759  |x 1684-8519  |t Т. 320, № 1 : Науки о Земле  |v [С. 200-205]  |d 2012  |p 225 с. 
600 1 |a Янишевский  |b М. Э.  |c российский палеонтолог  |c профессор Томского технологического института  |f 1871-1949  |g Михаил Эрастович  |y Томск  |x TPU  |2 stltpush  |3 (RuTPU)RU\TPU\pers\13868 
610 1 |a палеонтология 
610 1 |a фауна 
610 1 |a брахиоподы 
610 1 |a мшанки 
610 1 |a труды учёных ТПУ 
610 1 |a электронный ресурс 
700 1 |a Рычкова  |b И. В.  |c геолог  |c доцент Томского политехнического университета, инженер, кандидат геолого-минералогических наук  |f 1967-  |g Ирина Владимировна  |3 (RuTPU)RU\TPU\pers\24801  |9 11016 
701 1 |a Рябчикова  |b Э. Д.  |c российский геолог  |c доцент Томского политехнического университета, кандидат геолого-минералогических наук  |f 1941-  |g Элла Давыдовна  |3 (RuTPU)RU\TPU\pers\26291 
801 1 |a RU  |b 63413507  |c 20090623  |g PSBO 
801 2 |a RU  |b 63413507  |c 20211229  |g PSBO 
856 4 |u http://earchive.tpu.ru/bitstream/11683/4102/1/bulletin_tpu-2012-320-1-34.pdf 
942 |c CF